|
|
|
|
| LEADER |
02380nam a2200649 i 4500 |
| 001 |
nkc20233507666 |
| 003 |
CZ PrNK |
| 005 |
20230417094123.0 |
| 007 |
ta |
| 008 |
230316t20232023xr a e f 000 0 cze |
| 015 |
|
|
|a cnb003507666
|
| 020 |
|
|
|a 978-80-7370-615-9
|q (brožováno)
|
| 035 |
|
|
|a (OCoLC)1375349267
|
| 040 |
|
|
|a BOA001
|b cze
|e rda
|
| 041 |
1 |
|
|a cze
|h eng
|
| 072 |
|
7 |
|a 133
|x Ezoterismus. Okultismus
|2 Konspekt
|9 17
|
| 080 |
|
|
|a 133.2
|2 MRF
|
| 080 |
|
|
|a 165.322
|2 MRF
|
| 080 |
|
|
|a 159.923.5
|2 MRF
|
| 080 |
|
|
|a 615.851
|2 MRF
|
| 080 |
|
|
|a 133.3:794.43
|2 MRF
|
| 080 |
|
|
|a (035)
|2 MRF
|
| 080 |
|
|
|a (0.026.6)794.43
|2 MRF
|
| 100 |
1 |
|
|a Stark, Anna
|7 xx0235378
|4 aut
|
| 240 |
1 |
0 |
|a Sacred light oracle.
|l Česky
|
| 245 |
1 |
0 |
|a Karty posvátného Světla :
|b transformační karty pro duchovní růst /
|c Anna Stark ; ilustrace Selena Moon ; z anglického originálu Sacred light oracle přeložila Eva Samih
|
| 250 |
|
|
|a Vydání první
|
| 264 |
|
1 |
|a [Praha] :
|b Synergie,
|c [2023]
|
| 264 |
|
4 |
|c ©2023
|
| 300 |
|
|
|a 91 stran :
|b barevné ilustrace ;
|c 13 cm +
|e 36 barevných vykládacích karet
|
| 336 |
|
|
|a text
|b txt
|2 rdacontent
|
| 336 |
|
|
|a statický obraz
|b sti
|2 rdacontent
|
| 337 |
|
|
|a bez média
|b n
|2 rdamedia
|
| 338 |
|
|
|a svazek
|b nc
|2 rdacarrier
|
| 338 |
|
|
|a karta
|b no
|2 rdacarrier
|
| 500 |
|
|
|a Brožura a karty uloženy ve společné kartonové krabici (14 x 10 x 3 cm)
|
| 650 |
0 |
7 |
|a duchovní cesta
|7 ph119626
|2 czenas
|
| 650 |
0 |
7 |
|a duchovní poznání
|7 ph119632
|2 czenas
|
| 650 |
0 |
7 |
|a rozvoj osobnosti
|7 ph194683
|2 czenas
|
| 650 |
0 |
7 |
|a sebeuzdravování
|7 ph125452
|2 czenas
|
| 650 |
0 |
7 |
|a vykládání karet
|7 ph138942
|2 czenas
|
| 650 |
0 |
9 |
|a spiritual path
|2 eczenas
|
| 650 |
0 |
9 |
|a spiritual knowledge
|2 eczenas
|
| 650 |
0 |
9 |
|a personality development
|2 eczenas
|
| 650 |
0 |
9 |
|a health self-care
|2 eczenas
|
| 650 |
0 |
9 |
|a fortune telling by cards
|2 eczenas
|
| 655 |
|
7 |
|a příručky
|7 fd133209
|2 czenas
|
| 655 |
|
7 |
|a vykládací karty
|7 fd133822
|2 czenas
|
| 655 |
|
9 |
|a handbooks and manuals
|2 eczenas
|
| 655 |
|
9 |
|a fortune telling cards
|2 eczenas
|
| 700 |
1 |
|
|a Moon, Selena
|7 mzk20231181787
|4 ill
|
| 700 |
1 |
|
|a Samih, Eva,
|d 1975-
|7 xx0215968
|4 trl
|
| 910 |
2 |
|
|a BOA001
|b Z-1506.081
|
| 990 |
|
|
|a BK
|
| 995 |
|
|
|a 01
|
| 991 |
|
|
|b 202303
|c NOV
|
| 996 |
6 |
|
|b 2610934212
|c Z-1506.081
|l MZK
|r Sklad / do 24 hodin
|n 0
|p p.v.
|w 001919422
|u 000010
|a 1
|e BOA001
|j MZK50
|s P
|